The Learner-Centred Curriculum: A study in second language teaching

Gespeichert in:
Bibliographische Detailangaben
1. Verfasser: Nunan, David (VerfasserIn)
Format: Buch
Sprache:Englisch
Veröffentlicht: Nueva York Cambridge University Press 1988
Schlagworte:
Tags: Tag hinzufügen
Keine Tags, Fügen Sie den ersten Tag hinzu!

MARC

LEADER 00000nam a2200000 a 4500
001 UCH3046
003 CL-VaPUC
008 090709e19880000US |||||||||||||||||eng|d
020 |a 0521358434 
082 0 4 |a 428  |b NUN  |2 21 
100 |a Nunan, David  |e author  |9 565573 
245 1 4 |a The Learner-Centred Curriculum: A study in second language teaching 
300 |a 196 p 
942 |c BK 
945 |d 20090709 00:00:00  |a dcastane 
260 |a Nueva York  |b Cambridge University Press  |c 1988 
650 0 |a Inglés  |9 260023 
650 0 |a Enseñanza del inglés  |9 367340 
650 7 |a IDIOMAS  |2 CL-VaPUC  |9 538210 
650 0 |a Comprensión   |9 339377 
583 |a last modification  |c 20090709 00:00:00  |k Rodrigo Vera 
999 |c 334703  |d 334701 
952 |0 0  |1 0  |4 0  |6 428_000000000000000_NUN_1988  |7 0  |8 A  |9 423838  |a FDOPOS  |b FDOPOS  |d 2019-11-22  |i 4570197  |o 428 NUN 1988  |p 4570197  |r 2025-01-22  |w 2019-11-22  |y BK  |k DLA 
952 |0 0  |1 0  |4 0  |6 428_000000000000000_NUN_1988  |7 0  |8 A  |9 423839  |a FDOPOS  |b FDOPOS  |d 2019-11-22  |i 464977K  |o 428 NUN 1988  |p 464977K  |r 2025-01-22  |w 2019-11-22  |y BK  |k DLA